Statistics for Lowest Land Value in Europe

Click here to take the quiz!

General Stats

  • This quiz has been taken 40 times
  • The average score is 12 of 15

Answer Stats

Value per sq. m Answer % Correct
1,245Bulgaria
92%
965Moldova
89%
1,998Lithuania
89%
2,611Slovakia
89%
1,134Macedonia
87%
1,400Montenegro
87%
1,537Romania
87%
2,373Estonia
87%
2,618Latvia
87%
2,375Hungary
84%
2,159Poland
82%
2,239Serbia
82%
1,764Croatia
74%
1,963Portugal
58%
1,790Cyprus
53%

Score Distribution

Percentile by Number Answered

Percent of People with Each Score

Your Score History

You have not taken this quiz